| 000 | 00729nam a22001937a 4500 | ||
|---|---|---|---|
| 999 |
_c164104 _d164104 |
||
| 005 | 20190510115415.0 | ||
| 010 | _aUR-10091 | ||
| 020 |
_c400.00 _a9789386624178 |
||
| 035 | _aU-8646 | ||
| 037 | _bDBAD/PUB | ||
| 082 | _a844 | ||
| 100 | _aمو لف:ڈ ا کٹر محمد فر یا د | ||
| 245 |
_aمو لاناآ ز ا د تجثيت صحا فی _cمو لف:ڈ ا کٹر محمد فر یا د |
||
| 246 |
_b Moulana Azad Ba Haysiat Sahafi (Urdu) _aDr. Mohd.Fariyad |
||
| 260 |
_a Delhi _bEducational Publishing House _c2017 ء |
||
| 270 |
_a3191،Vakil Street,Kucha Pandit,Lal Kuan, _bDelhi _e110006 _k23216162 _l00911123211540 |
||
| 300 |
_a288+7ص _c22 Cm.(bk) |
||
| 942 |
_2ddc _cUR _h844 _mم ح م |
||